000 00230nam a2200097Ia 4500
001 1195841
005 20250827021755.0
008 250824s9999 xx 000 0 und d
245 0 _aUMUT
_cAYŞE KULİN
260 _bEVEREST YAYINLARI
999 _c1195841
_d1195841